Films avec Fabrice Luchini par image - Statistiques

Statistiques générales
  • Ce quiz a été pris 58 fois
  • Le résultat moyen est 6 sur 16
Statistiques - réponses
Par images Réponse % Correct
Astérix et Obélix : Au service de sa Majesté
94%
Potiche
56%
P.R.O.F.S.
54%
Dans la maison
52%
Alceste à bicyclette
48%
Les Femmes du 6e étage
46%
Molière
42%
Le Colonel Chabert
38%
L'Hermine
38%
Beaumarchais, l'insolent
29%
Mon crime
29%
La Fille de Monaco
25%
Tout ça... pour ça !
23%
Le Retour de Casanova
21%
La Discrète
15%
Les Nuits de la pleine lune
13%
Aucun quiz correspondant
Distribution des résultats
% des personnes avec chaque résultat
Percentile par nombre de réponses
Votre historique - résultats
Vous n’avez pas pris ce quiz